Vista normal
Vista MARC
- Leiva Bonilla, Juan Carlos
Entrada Personal Name
Número de registros utilizados en: 5
001 - CONTROL NUMBER
- control field: 20
003 - CONTROL NUMBER IDENTIFIER
- control field: OSt
005 - DATE AND TIME OF LATEST TRANSACTION
- control field: 20160111152814.0
008 - FIXED-LENGTH DATA ELEMENTS
- fixed length control field: 160111|| aca||aabn | a|a d
040 ## - CATALOGING SOURCE
- Original cataloging agency: OSt
- Transcribing agency: OSt
100 ## - HEADING--PERSONAL NAME
- Personal name: Leiva Bonilla, Juan Carlos
670 ## - SOURCE DATA FOUND
- Source citation: Work cat.: (OSt)3465: Leiva Bonilla, Juan Carlos, Los emprendedores y la creación de empresas, 2013